[Event "April 9 Early 2024"]
[Site "Chess.com"]
[Date "2024.04.09"]
[Round "5"]
[White "Alonso Rosell, Alvar"]
[Black "Toropov, Pavel"]
[Result "1-0"]
[Board "49"]
[WhiteFideId "2270544"]
[BlackFideId "24129178"]
[WhiteTitle "GM"]
[BlackTitle "FM"]
[WhiteElo "2839"]
[BlackElo "2645"]
[WhiteTeam "ESP"]
[BlackTeam "RUS"]
[WhiteClock "0:00:40"]
[BlackClock "0:00:00"]
[Variant "Standard"]

1. d4 {[%clk 0:03:00]}  d5 {[%clk 0:02:58]} 2. c4 {[%clk 0:03:00]}  c6 {[%clk 0:02:58]} 3. Nf3 {[%clk 0:03:01]}  Nf6 {[%clk 0:02:59]} 4. cxd5 {[%clk 0:03:01]}  cxd5 {[%clk 0:02:59]} 5. Nc3 {[%clk 0:03:02]}  a6 {[%clk 0:02:59]} 6. Bf4 {[%clk 0:03:02]}  Nc6 {[%clk 0:02:59]} 7. Rc1 {[%clk 0:03:02]}  g6 {[%clk 0:02:53]} 8. e3 {[%clk 0:02:55]}  Bg7 {[%clk 0:02:53]} 9. h3 {[%clk 0:02:54]}  O-O {[%clk 0:02:53]} 10. Be2 {[%clk 0:02:54]}  Bf5 {[%clk 0:02:42]} 11. O-O {[%clk 0:02:53]}  Rc8 {[%clk 0:02:42]} 12. Ne5 {[%clk 0:02:45]}  Be6 {[%clk 0:01:29]} 13. Qb3 {[%clk 0:02:38]}  Na5 {[%clk 0:01:17]} 14. Qb4 {[%clk 0:02:37]}  b5 {[%clk 0:01:14]} 15. a4 {[%clk 0:02:32]}  bxa4 {[%clk 0:00:34]} 16. Qxa4 {[%clk 0:02:33]}  Qb6 {[%clk 0:00:28]} 17. b4 {[%clk 0:02:15]}  Nc4 {[%clk 0:00:27]} 18. Nxc4 {[%clk 0:02:10]}  dxc4 {[%clk 0:00:27]} 19. Bf3 {[%clk 0:02:09]}  Rfd8 {[%clk 0:00:22]} 20. Ra1 {[%clk 0:02:00]}  Bd7 {[%clk 0:00:18]} 21. Qa5 {[%clk 0:01:56]}  Qxa5 {[%clk 0:00:05]} 22. Rxa5 {[%clk 0:01:57]}  Bc6 {[%clk 0:00:05]} 23. d5 {[%clk 0:01:11]}  Bb7 {[%clk 0:00:04]} 24. Be5 {[%clk 0:01:12]}  Nd7 {[%clk 0:00:03]} 25. Bxg7 {[%clk 0:01:07]}  Kxg7 {[%clk 0:00:04]} 26. d6 {[%clk 0:01:00]}  Bxf3 {[%clk 0:00:04]} 27. dxe7 {[%clk 0:01:00]}  Re8 {[%clk 0:00:04]} 28. gxf3 {[%clk 0:01:00]}  Rxe7 {[%clk 0:00:05]} 29. Rxa6 {[%clk 0:01:01]}  Ne5 {[%clk 0:00:06]} 30. Kg2 {[%clk 0:00:57]}  Nd3 {[%clk 0:00:05]} 31. b5 {[%clk 0:00:57]}  h5 {[%clk 0:00:04]} 32. Rfa1 {[%clk 0:00:56]}  Rb8 {[%clk 0:00:04]} 33. Ra7 {[%clk 0:00:56]}  Re6 {[%clk 0:00:03]} 34. Rc7 {[%clk 0:00:50]}  Rf6 {[%clk 0:00:03]} 35. Raa7 {[%clk 0:00:45]}  Ne1+ {[%clk 0:00:02]} 36. Kf1 {[%clk 0:00:43]}  Nxf3 {[%clk 0:00:03]} 37. Ne4 {[%clk 0:00:42]}  Rf5 {[%clk 0:00:02]} 38. Nd6 {[%clk 0:00:41]}  Rf6 {[%clk 0:00:02]} 39. Rxf7+ {[%clk 0:00:39]}  Rxf7 {[%clk 0:00:03]} 40. Rxf7+ {[%clk 0:00:40]}  Kh6 {[%clk 0:00:03]} 41. Rxf3 {[%clk 0:00:40]}  Rd8 {[%clk 0:00:00]} 42. Nf7+ {[%clk 0:00:40]} 1-0

[Event "April 9 Early 2024"]
[Site "Chess.com"]
[Date "2024.04.09"]
[Round "5"]
[White "Barria Zuniga, Daniel"]
[Black "Onyshchuk, Volodymyr"]
[Result "0-1"]
[Board "51"]
[WhiteFideId "3400816"]
[BlackFideId "14114038"]
[WhiteTitle "IM"]
[BlackTitle "GM"]
[WhiteElo "2639"]
[BlackElo "2827"]
[WhiteTeam "CHI"]
[BlackTeam "UKR"]
[WhiteClock "0:01:30"]
[BlackClock "0:02:30"]
[Variant "Standard"]

1. d4 {[%clk 0:02:20]}  d6 {[%clk 0:02:57]} 2. g3 {[%clk 0:02:12]}  g6 {[%clk 0:02:57]} 3. e4 {[%clk 0:02:09]}  Bg7 {[%clk 0:02:57]} 4. Bg2 {[%clk 0:02:10]}  Nc6 {[%clk 0:02:55]} 5. Ne2 {[%clk 0:02:06]}  e5 {[%clk 0:02:52]} 6. c3 {[%clk 0:02:00]}  Nf6 {[%clk 0:02:49]} 7. O-O {[%clk 0:02:00]}  O-O {[%clk 0:02:49]} 8. h3 {[%clk 0:01:54]}  Bd7 {[%clk 0:02:41]} 9. Kh2 {[%clk 0:01:51]}  Ne8 {[%clk 0:02:33]} 10. d5 {[%clk 0:01:43]}  Ne7 {[%clk 0:02:33]} 11. c4 {[%clk 0:01:44]}  f5 {[%clk 0:02:33]} 12. Nbc3 {[%clk 0:01:43]}  f4 {[%clk 0:02:31]} 13. g4 {[%clk 0:01:38]}  f3 {[%clk 0:02:29]} 14. Bxf3 {[%clk 0:01:36]}  Rxf3 {[%clk 0:02:30]} 15. Nf4 {[%clk 0:01:30]}  Rxf4 {[%clk 0:02:30]} 0-1

[Event "April 9 Early 2024"]
[Site "Chess.com"]
[Date "2024.04.09"]
[Round "5"]
[White "Samunenkov, Ihor"]
[Black "Dinu, Dumitru-Daniel"]
[Result "1-0"]
[Board "52"]
[WhiteFideId "14187086"]
[BlackFideId "1208403"]
[WhiteTitle "GM"]
[BlackTitle "FM"]
[WhiteElo "2815"]
[BlackElo "2639"]
[WhiteTeam "UKR"]
[BlackTeam "ROU"]
[WhiteClock "0:00:02"]
[BlackClock "0:00:19"]
[Variant "Standard"]

1. d4 {[%clk 0:03:00]}  Nf6 {[%clk 0:03:00]} 2. c4 {[%clk 0:03:01]}  c5 {[%clk 0:03:00]} 3. d5 {[%clk 0:03:01]}  b5 {[%clk 0:03:00]} 4. cxb5 {[%clk 0:03:01]}  a6 {[%clk 0:03:00]} 5. e3 {[%clk 0:03:01]}  axb5 {[%clk 0:02:59]} 6. Bxb5 {[%clk 0:03:01]}  Qa5+ {[%clk 0:02:59]} 7. Nc3 {[%clk 0:03:01]}  Bb7 {[%clk 0:03:00]} 8. Bd2 {[%clk 0:03:00]}  Qb6 {[%clk 0:03:00]} 9. Nf3 {[%clk 0:03:00]}  Nxd5 {[%clk 0:02:59]} 10. a4 {[%clk 0:03:01]}  e6 {[%clk 0:02:59]} 11. O-O {[%clk 0:02:59]}  Be7 {[%clk 0:02:59]} 12. e4 {[%clk 0:02:59]}  Nb4 {[%clk 0:02:58]} 13. Bf4 {[%clk 0:02:49]}  O-O {[%clk 0:02:58]} 14. Bxb8 {[%clk 0:02:09]}  Rfxb8 {[%clk 0:02:57]} 15. Qxd7 {[%clk 0:01:48]}  Bf6 {[%clk 0:02:45]} 16. Qd2 {[%clk 0:01:48]}  Rd8 {[%clk 0:02:41]} 17. Qe2 {[%clk 0:01:46]}  Nc6 {[%clk 0:02:21]} 18. e5 {[%clk 0:01:02]}  Be7 {[%clk 0:02:19]} 19. Rfd1 {[%clk 0:01:02]}  Nb4 {[%clk 0:01:54]} 20. h3 {[%clk 0:00:56]}  Nd5 {[%clk 0:01:46]} 21. Nxd5 {[%clk 0:00:46]}  Bxd5 {[%clk 0:01:43]} 22. Rac1 {[%clk 0:00:34]}  Bb3 {[%clk 0:01:35]} 23. Rxd8+ {[%clk 0:00:31]}  Qxd8 {[%clk 0:01:26]} 24. Ra1 {[%clk 0:00:20]}  Qc7 {[%clk 0:01:19]} 25. Nd2 {[%clk 0:00:20]}  Bd5 {[%clk 0:01:19]} 26. Bc4 {[%clk 0:00:19]}  Bc6 {[%clk 0:01:17]} 27. b3 {[%clk 0:00:19]}  Rd8 {[%clk 0:01:13]} 28. a5 {[%clk 0:00:19]}  Ra8 {[%clk 0:01:11]} 29. a6 {[%clk 0:00:19]}  Qb6 {[%clk 0:01:12]} 30. Ne4 {[%clk 0:00:18]}  Qc7 {[%clk 0:01:10]} 31. Nc3 {[%clk 0:00:16]}  Qb6 {[%clk 0:01:06]} 32. Rd1 {[%clk 0:00:16]}  Qc7 {[%clk 0:01:03]} 33. f4 {[%clk 0:00:14]}  Qa5 {[%clk 0:00:59]} 34. Ne4 {[%clk 0:00:14]}  Rd8 {[%clk 0:00:53]} 35. Nd6 {[%clk 0:00:11]}  Bxd6 {[%clk 0:00:48]} 36. exd6 {[%clk 0:00:08]}  Qc3 {[%clk 0:00:43]} 37. f5 {[%clk 0:00:08]}  exf5 {[%clk 0:00:34]} 38. Qe7 {[%clk 0:00:08]}  Qf6 {[%clk 0:00:29]} 39. Bxf7+ {[%clk 0:00:06]}  Kh8 {[%clk 0:00:29]} 40. Qxf6 {[%clk 0:00:06]}  gxf6 {[%clk 0:00:29]} 41. Kf2 {[%clk 0:00:05]}  Kg7 {[%clk 0:00:29]} 42. Bd5 {[%clk 0:00:02]}  Bb5 {[%clk 0:00:26]} 43. a7 {[%clk 0:00:02]}  Ra8 {[%clk 0:00:19]} 44. Bxa8 {[%clk 0:00:02]} 1-0

[Event "April 9 Early 2024"]
[Site "Chess.com"]
[Date "2024.04.09"]
[Round "5"]
[White "Narayanan, Srinath"]
[Black "Fromm, Marius"]
[Result "0-1"]
[Board "54"]
[WhiteFideId "5018420"]
[BlackFideId "12993190"]
[WhiteTitle "GM"]
[BlackTitle "IM"]
[WhiteElo "2813"]
[BlackElo "2623"]
[WhiteTeam "IND"]
[BlackTeam "GER"]
[WhiteClock "0:00:28"]
[BlackClock "0:00:35"]
[Variant "Standard"]

1. d4 {[%clk 0:02:51]}  Nf6 {[%clk 0:03:00]} 2. Nf3 {[%clk 0:02:50]}  e6 {[%clk 0:03:00]} 3. Bf4 {[%clk 0:02:50]}  d5 {[%clk 0:02:58]} 4. e3 {[%clk 0:02:50]}  Bd6 {[%clk 0:02:59]} 5. Ne5 {[%clk 0:02:50]}  O-O {[%clk 0:02:51]} 6. Nd2 {[%clk 0:02:51]}  c5 {[%clk 0:02:46]} 7. c3 {[%clk 0:02:50]}  Qc7 {[%clk 0:02:44]} 8. Bd3 {[%clk 0:02:47]}  Nbd7 {[%clk 0:02:42]} 9. Ndf3 {[%clk 0:02:47]}  b6 {[%clk 0:02:38]} 10. h4 {[%clk 0:02:37]}  Bb7 {[%clk 0:02:36]} 11. h5 {[%clk 0:02:38]}  Ne4 {[%clk 0:02:32]} 12. h6 {[%clk 0:02:34]}  g6 {[%clk 0:02:30]} 13. Nxd7 {[%clk 0:02:27]}  Qxd7 {[%clk 0:02:29]} 14. Bxe4 {[%clk 0:02:23]}  dxe4 {[%clk 0:01:52]} 15. Ne5 {[%clk 0:02:07]}  Bxe5 {[%clk 0:01:45]} 16. dxe5 {[%clk 0:02:06]}  Qxd1+ {[%clk 0:01:37]} 17. Rxd1 {[%clk 0:02:07]}  Rfd8 {[%clk 0:01:37]} 18. Rd6 {[%clk 0:02:07]}  Rxd6 {[%clk 0:01:37]} 19. exd6 {[%clk 0:02:08]}  f6 {[%clk 0:01:37]} 20. O-O {[%clk 0:01:48]}  e5 {[%clk 0:01:35]} 21. Bg3 {[%clk 0:01:45]}  Rd8 {[%clk 0:01:36]} 22. Rd1 {[%clk 0:01:43]}  Kf7 {[%clk 0:01:36]} 23. f4 {[%clk 0:01:22]}  exf3 {[%clk 0:01:34]} 24. gxf3 {[%clk 0:01:23]}  Ke6 {[%clk 0:01:14]} 25. e4 {[%clk 0:01:23]}  Rxd6 {[%clk 0:01:04]} 26. Rxd6+ {[%clk 0:01:22]}  Kxd6 {[%clk 0:01:05]} 27. Kf2 {[%clk 0:01:22]}  g5 {[%clk 0:01:03]} 28. b4 {[%clk 0:01:13]}  c4 {[%clk 0:00:49]} 29. Ke2 {[%clk 0:01:09]}  Bc6 {[%clk 0:00:48]} 30. Bf2 {[%clk 0:00:39]}  Ke6 {[%clk 0:00:45]} 31. Be3 {[%clk 0:00:36]}  Kf7 {[%clk 0:00:44]} 32. Kf2 {[%clk 0:00:35]}  Kg6 {[%clk 0:00:45]} 33. Kg3 {[%clk 0:00:35]}  Kxh6 {[%clk 0:00:45]} 34. Bf2 {[%clk 0:00:35]}  Kg6 {[%clk 0:00:45]} 35. Be3 {[%clk 0:00:36]}  h5 {[%clk 0:00:44]} 36. Bf2 {[%clk 0:00:37]}  f5 {[%clk 0:00:39]} 37. exf5+ {[%clk 0:00:32]}  Kxf5 {[%clk 0:00:40]} 38. Be3 {[%clk 0:00:33]}  h4+ {[%clk 0:00:40]} 39. Kf2 {[%clk 0:00:34]}  e4 {[%clk 0:00:35]} 40. fxe4+ {[%clk 0:00:32]}  Bxe4 {[%clk 0:00:36]} 41. Bd4 {[%clk 0:00:33]}  g4 {[%clk 0:00:35]} 42. Kf1 {[%clk 0:00:28]}  g3 {[%clk 0:00:35]} 0-1

[Event "April 9 Early 2024"]
[Site "Chess.com"]
[Date "2024.04.09"]
[Round "5"]
[White "Ismagilov, Damir"]
[Black "Kushko, Dmitriy"]
[Result "1-0"]
[Board "57"]
[WhiteFideId "34199982"]
[BlackFideId "14162261"]
[WhiteTitle "CM"]
[BlackTitle "IM"]
[WhiteElo "2599"]
[BlackElo "2805"]
[WhiteTeam "RUS"]
[BlackTeam "UKR"]
[WhiteClock "0:00:03"]
[BlackClock "0:00:01"]
[Variant "Standard"]

1. d4 {[%clk 0:03:00]}  g6 {[%clk 0:03:00]} 2. c4 {[%clk 0:03:00]}  Bg7 {[%clk 0:03:01]} 3. e4 {[%clk 0:03:01]}  d6 {[%clk 0:03:01]} 4. Nc3 {[%clk 0:02:57]}  e5 {[%clk 0:03:01]} 5. Nf3 {[%clk 0:02:49]}  Bg4 {[%clk 0:02:59]} 6. d5 {[%clk 0:02:48]}  a5 {[%clk 0:02:59]} 7. Be2 {[%clk 0:02:47]}  Nd7 {[%clk 0:02:55]} 8. Be3 {[%clk 0:02:42]}  h5 {[%clk 0:02:43]} 9. Nd2 {[%clk 0:02:37]}  Bxe2 {[%clk 0:02:42]} 10. Qxe2 {[%clk 0:02:37]}  Bh6 {[%clk 0:02:42]} 11. O-O {[%clk 0:02:34]}  Bxe3 {[%clk 0:02:41]} 12. Qxe3 {[%clk 0:02:35]}  Ngf6 {[%clk 0:02:40]} 13. h3 {[%clk 0:02:34]}  O-O {[%clk 0:02:28]} 14. b3 {[%clk 0:02:32]}  Qe7 {[%clk 0:02:22]} 15. a3 {[%clk 0:02:32]}  c6 {[%clk 0:02:07]} 16. b4 {[%clk 0:02:32]}  Rfc8 {[%clk 0:02:06]} 17. Rfc1 {[%clk 0:02:26]}  Qd8 {[%clk 0:02:00]} 18. Nb3 {[%clk 0:02:24]}  axb4 {[%clk 0:01:53]} 19. axb4 {[%clk 0:02:25]}  Rxa1 {[%clk 0:01:53]} 20. Rxa1 {[%clk 0:02:26]}  cxd5 {[%clk 0:01:53]} 21. cxd5 {[%clk 0:02:20]}  Qb6 {[%clk 0:01:32]} 22. Qxb6 {[%clk 0:01:56]}  Nxb6 {[%clk 0:01:31]} 23. Nb5 {[%clk 0:01:54]}  Nxe4 {[%clk 0:01:25]} 24. f3 {[%clk 0:01:54]}  Ng3 {[%clk 0:00:40]} 25. Nxd6 {[%clk 0:01:53]}  Rc2 {[%clk 0:00:34]} 26. Rd1 {[%clk 0:00:56]}  Ne2+ {[%clk 0:00:32]} 27. Kf1 {[%clk 0:00:38]}  Nf4 {[%clk 0:00:31]} 28. Rd2 {[%clk 0:00:29]}  Rc3 {[%clk 0:00:25]} 29. Nc5 {[%clk 0:00:12]}  Nbxd5 {[%clk 0:00:25]} 30. Kf2 {[%clk 0:00:11]}  b6 {[%clk 0:00:17]} 31. Nce4 {[%clk 0:00:10]}  Rb3 {[%clk 0:00:16]} 32. b5 {[%clk 0:00:10]}  h4 {[%clk 0:00:12]} 33. Rc2 {[%clk 0:00:05]}  Ne3 {[%clk 0:00:10]} 34. Rc8+ {[%clk 0:00:04]}  Kg7 {[%clk 0:00:10]} 35. Ne8+ {[%clk 0:00:04]}  Kh6 {[%clk 0:00:09]} 36. N8f6 {[%clk 0:00:04]}  Nd1+ {[%clk 0:00:07]} 37. Ke1 {[%clk 0:00:04]}  Rb1 {[%clk 0:00:06]} 38. Rh8+ {[%clk 0:00:04]}  Kg7 {[%clk 0:00:06]} 39. Rg8+ {[%clk 0:00:04]}  Kh6 {[%clk 0:00:05]} 40. Rh8+ {[%clk 0:00:05]}  Kg7 {[%clk 0:00:04]} 41. Rg8+ {[%clk 0:00:06]}  Kh6 {[%clk 0:00:04]} 42. Ng4+ {[%clk 0:00:03]}  Kh7 {[%clk 0:00:01]} 43. Nef6# {[%clk 0:00:03]} 1-0

[Event "April 9 Early 2024"]
[Site "Chess.com"]
[Date "2024.04.09"]
[Round "5"]
[White "Pavlov, Nikolay"]
[Black "Macovei, Andrei"]
[Result "0-1"]
[Board "59"]
[WhiteFideId "24141470"]
[BlackFideId "13904680"]
[WhiteTitle "FM"]
[BlackTitle "IM"]
[WhiteElo "2590"]
[BlackElo "2797"]
[WhiteTeam "RUS"]
[BlackTeam "MDA"]
[WhiteClock "0:00:02"]
[BlackClock "0:00:04"]
[Variant "Standard"]

1. e4 {[%clk 0:03:00]}  c6 {[%clk 0:02:59]} 2. d4 {[%clk 0:03:00]}  d5 {[%clk 0:02:59]} 3. exd5 {[%clk 0:03:01]}  cxd5 {[%clk 0:03:00]} 4. Bd3 {[%clk 0:03:01]}  Nc6 {[%clk 0:03:00]} 5. c3 {[%clk 0:03:02]}  Nf6 {[%clk 0:03:00]} 6. h3 {[%clk 0:03:02]}  e5 {[%clk 0:02:58]} 7. dxe5 {[%clk 0:03:02]}  Nxe5 {[%clk 0:02:59]} 8. Nf3 {[%clk 0:03:03]}  Nxd3+ {[%clk 0:02:59]} 9. Qxd3 {[%clk 0:03:04]}  Bd6 {[%clk 0:02:59]} 10. O-O {[%clk 0:03:04]}  O-O {[%clk 0:03:00]} 11. Bg5 {[%clk 0:03:05]}  h6 {[%clk 0:03:00]} 12. Bh4 {[%clk 0:03:05]}  g5 {[%clk 0:03:00]} 13. Bg3 {[%clk 0:03:06]}  Bxg3 {[%clk 0:03:00]} 14. fxg3 {[%clk 0:03:07]}  g4 {[%clk 0:02:59]} 15. hxg4 {[%clk 0:03:05]}  Nxg4 {[%clk 0:02:58]} 16. Nd4 {[%clk 0:03:06]}  Qg5 {[%clk 0:02:38]} 17. Rf4 {[%clk 0:03:03]}  Bd7 {[%clk 0:02:26]} 18. Nf3 {[%clk 0:02:31]}  Qh5 {[%clk 0:02:08]} 19. Nbd2 {[%clk 0:02:27]}  Rae8 {[%clk 0:02:07]} 20. Rf1 {[%clk 0:02:15]}  a6 {[%clk 0:01:35]} 21. Qd4 {[%clk 0:02:15]}  Re7 {[%clk 0:01:16]} 22. Nb3 {[%clk 0:01:18]}  Rfe8 {[%clk 0:01:01]} 23. Nc5 {[%clk 0:01:12]}  Bc8 {[%clk 0:01:01]} 24. Nh4 {[%clk 0:01:03]}  Ne3 {[%clk 0:00:45]} 25. Re1 {[%clk 0:00:41]}  Nc4 {[%clk 0:00:29]} 26. Rxe7 {[%clk 0:00:38]}  Rxe7 {[%clk 0:00:30]} 27. b3 {[%clk 0:00:29]}  Re1+ {[%clk 0:00:23]} 28. Kh2 {[%clk 0:00:28]}  Ne3 {[%clk 0:00:20]} 29. Qf6 {[%clk 0:00:20]}  Re2 {[%clk 0:00:11]} 30. Qd8+ {[%clk 0:00:17]}  Kh7 {[%clk 0:00:11]} 31. Qxc8 {[%clk 0:00:14]}  Nxg2 {[%clk 0:00:10]} 32. Kh3 {[%clk 0:00:09]}  Nxf4+ {[%clk 0:00:10]} 33. gxf4 {[%clk 0:00:09]}  Re3+ {[%clk 0:00:09]} 34. Kg2 {[%clk 0:00:09]}  Qxh4 {[%clk 0:00:05]} 35. Qf5+ {[%clk 0:00:09]}  Kg7 {[%clk 0:00:05]} 36. Nd7 {[%clk 0:00:02]}  Qg3+ {[%clk 0:00:04]} 0-1

[Event "April 9 Early 2024"]
[Site "Chess.com"]
[Date "2024.04.09"]
[Round "5"]
[White "Haug, Havard"]
[Black "Ahmad, Khagan"]
[Result "1-0"]
[Board "64"]
[WhiteFideId "1547887"]
[BlackFideId "13431552"]
[WhiteTitle "FM"]
[BlackTitle "FM"]
[WhiteElo "2789"]
[BlackElo "2566"]
[WhiteTeam "NOR"]
[BlackTeam "AZE"]
[WhiteClock "0:01:03"]
[BlackClock "0:00:03"]
[Variant "Standard"]

1. d4 {[%clk 0:03:00]}  Nf6 {[%clk 0:02:57]} 2. Nc3 {[%clk 0:03:00]}  d5 {[%clk 0:02:56]} 3. Bf4 {[%clk 0:02:59]}  c5 {[%clk 0:02:57]} 4. e4 {[%clk 0:02:59]}  cxd4 {[%clk 0:02:25]} 5. Qxd4 {[%clk 0:03:00]}  Nc6 {[%clk 0:02:24]} 6. Bb5 {[%clk 0:02:58]}  Bd7 {[%clk 0:02:23]} 7. Bxc6 {[%clk 0:02:57]}  Bxc6 {[%clk 0:02:24]} 8. e5 {[%clk 0:02:57]}  Ne4 {[%clk 0:02:24]} 9. e6 {[%clk 0:02:56]}  fxe6 {[%clk 0:02:16]} 10. Nxe4 {[%clk 0:02:56]}  dxe4 {[%clk 0:02:17]} 11. Ne2 {[%clk 0:02:56]}  Qa5+ {[%clk 0:01:55]} 12. Bd2 {[%clk 0:02:47]}  Qf5 {[%clk 0:01:36]} 13. Ng3 {[%clk 0:02:40]}  Qd5 {[%clk 0:01:27]} 14. Bc3 {[%clk 0:02:33]}  Qxd4 {[%clk 0:00:29]} 15. Bxd4 {[%clk 0:02:34]}  O-O-O {[%clk 0:00:30]} 16. Bc3 {[%clk 0:02:23]}  e3 {[%clk 0:00:29]} 17. f3 {[%clk 0:02:17]}  h5 {[%clk 0:00:22]} 18. Ke2 {[%clk 0:02:16]}  h4 {[%clk 0:00:22]} 19. Ne4 {[%clk 0:02:16]}  h3 {[%clk 0:00:21]} 20. g3 {[%clk 0:02:11]}  Rh5 {[%clk 0:00:17]} 21. Kxe3 {[%clk 0:02:06]}  g6 {[%clk 0:00:17]} 22. Rad1 {[%clk 0:02:02]}  Bh6+ {[%clk 0:00:16]} 23. Ke2 {[%clk 0:01:44]}  Rhd5 {[%clk 0:00:16]} 24. Rxd5 {[%clk 0:01:34]}  exd5 {[%clk 0:00:17]} 25. Nf2 {[%clk 0:01:33]}  d4 {[%clk 0:00:15]} 26. Bd2 {[%clk 0:01:30]}  Bxd2 {[%clk 0:00:04]} 27. Kxd2 {[%clk 0:01:30]}  Rf8 {[%clk 0:00:03]} 28. Nxh3 {[%clk 0:01:27]}  Rxf3 {[%clk 0:00:03]} 29. Re1 {[%clk 0:01:27]}  Kd7 {[%clk 0:00:03]} 30. Re2 {[%clk 0:01:27]}  Rf1 {[%clk 0:00:02]} 31. Nf4 {[%clk 0:01:26]}  g5 {[%clk 0:00:01]} 32. Ng6 {[%clk 0:01:26]}  Bf3 {[%clk 0:00:01]} 33. Re1 {[%clk 0:01:09]}  Rf2+ {[%clk 0:00:01]} 34. Kd3 {[%clk 0:01:09]}  Rxh2 {[%clk 0:00:02]} 35. Ne5+ {[%clk 0:01:09]}  Kd6 {[%clk 0:00:02]} 36. Nxf3 {[%clk 0:01:10]}  Rh3 {[%clk 0:00:02]} 37. Rg1 {[%clk 0:01:04]}  e5 {[%clk 0:00:02]} 38. Nxg5 {[%clk 0:01:05]}  Rh2 {[%clk 0:00:02]} 39. Nf3 {[%clk 0:01:04]}  Rf2 {[%clk 0:00:01]} 40. Nd2 {[%clk 0:01:04]}  Kd5 {[%clk 0:00:02]} 41. Re1 {[%clk 0:00:59]}  Rg2 {[%clk 0:00:01]} 42. Nf3 {[%clk 0:00:59]}  Rxg3 {[%clk 0:00:01]} 43. Rxe5+ {[%clk 0:00:59]}  Kd6 {[%clk 0:00:02]} 44. Rf5 {[%clk 0:01:00]}  Ke6 {[%clk 0:00:02]} 45. Rf4 {[%clk 0:01:00]}  Rg1 {[%clk 0:00:01]} 46. Nxd4+ {[%clk 0:01:00]}  Ke5 {[%clk 0:00:02]} 47. Rf5+ {[%clk 0:01:00]}  Kd6 {[%clk 0:00:03]} 48. a3 {[%clk 0:00:59]}  a6 {[%clk 0:00:03]} 49. Kc3 {[%clk 0:01:00]}  Rg3+ {[%clk 0:00:03]} 50. Rf3 {[%clk 0:01:00]}  Rg1 {[%clk 0:00:03]} 51. b3 {[%clk 0:01:00]}  Kd5 {[%clk 0:00:03]} 52. Rd3 {[%clk 0:01:00]}  Kc5 {[%clk 0:00:03]} 53. Kb2 {[%clk 0:01:01]}  Kb6 {[%clk 0:00:04]} 54. b4 {[%clk 0:01:01]}  Ka7 {[%clk 0:00:04]} 55. Nb3 {[%clk 0:01:01]}  Rg7 {[%clk 0:00:03]} 56. Nc5 {[%clk 0:01:02]}  Rh7 {[%clk 0:00:04]} 57. Rd7 {[%clk 0:01:02]}  Rh2 {[%clk 0:00:04]} 58. Rxb7+ {[%clk 0:01:02]}  Ka8 {[%clk 0:00:05]} 59. Rg7 {[%clk 0:01:02]}  a5 {[%clk 0:00:05]} 60. b5 {[%clk 0:01:02]}  Rh6 {[%clk 0:00:05]} 61. a4 {[%clk 0:01:02]}  Rf6 {[%clk 0:00:05]} 62. c3 {[%clk 0:01:02]}  Rh6 {[%clk 0:00:05]} 63. Kb3 {[%clk 0:01:02]}  Kb8 {[%clk 0:00:05]} 64. Ne4 {[%clk 0:01:00]}  Ka8 {[%clk 0:00:05]} 65. c4 {[%clk 0:01:00]}  Rh3+ {[%clk 0:00:05]} 66. Rg3 {[%clk 0:01:01]}  Rh4 {[%clk 0:00:05]} 67. Re3 {[%clk 0:01:01]}  Kb7 {[%clk 0:00:04]} 68. c5 {[%clk 0:01:01]}  Rh1 {[%clk 0:00:03]} 69. Nd6+ {[%clk 0:01:02]}  Ka8 {[%clk 0:00:02]} 70. Re8+ {[%clk 0:01:01]}  Ka7 {[%clk 0:00:02]} 71. b6+ {[%clk 0:01:02]}  Ka6 {[%clk 0:00:03]} 72. Ra8# {[%clk 0:01:03]} 1-0

[Event "April 9 Early 2024"]
[Site "Chess.com"]
[Date "2024.04.09"]
[Round "5"]
[White "Volkov, Maksim"]
[Black "Koellner, Ruben Gideon"]
[Result "1-0"]
[Board "66"]
[WhiteFideId "54123070"]
[BlackFideId "12993093"]
[WhiteTitle "FM"]
[BlackTitle "IM"]
[WhiteElo "2788"]
[BlackElo "2742"]
[WhiteTeam "RUS"]
[BlackTeam "GER"]
[WhiteClock "0:00:15"]
[BlackClock "0:00:08"]
[Variant "Standard"]

1. d4 {[%clk 0:03:00]}  d6 {[%clk 0:02:59]} 2. Nf3 {[%clk 0:02:58]}  Nf6 {[%clk 0:02:58]} 3. c4 {[%clk 0:02:58]}  g6 {[%clk 0:02:47]} 4. Nc3 {[%clk 0:02:54]}  Bf5 {[%clk 0:02:48]} 5. Nh4 {[%clk 0:02:41]}  Bd7 {[%clk 0:02:47]} 6. g3 {[%clk 0:02:40]}  Bg7 {[%clk 0:02:45]} 7. Bg2 {[%clk 0:02:40]}  c6 {[%clk 0:02:41]} 8. O-O {[%clk 0:02:39]}  O-O {[%clk 0:02:41]} 9. e4 {[%clk 0:02:23]}  e5 {[%clk 0:02:39]} 10. Nf3 {[%clk 0:02:15]}  Re8 {[%clk 0:02:35]} 11. h3 {[%clk 0:02:09]}  a5 {[%clk 0:02:35]} 12. Be3 {[%clk 0:02:05]}  Na6 {[%clk 0:02:35]} 13. Re1 {[%clk 0:02:02]}  Qc7 {[%clk 0:02:29]} 14. Qd2 {[%clk 0:01:42]}  Rad8 {[%clk 0:02:21]} 15. Rad1 {[%clk 0:01:40]}  exd4 {[%clk 0:02:21]} 16. Nxd4 {[%clk 0:01:38]}  Nc5 {[%clk 0:02:21]} 17. Qc2 {[%clk 0:01:36]}  Bc8 {[%clk 0:02:16]} 18. f4 {[%clk 0:01:31]}  h5 {[%clk 0:02:10]} 19. Bf2 {[%clk 0:01:30]}  Ne6 {[%clk 0:01:58]} 20. Nf3 {[%clk 0:01:23]}  b6 {[%clk 0:01:49]} 21. e5 {[%clk 0:01:07]}  dxe5 {[%clk 0:01:47]} 22. Nxe5 {[%clk 0:01:07]}  Rxd1 {[%clk 0:01:28]} 23. Rxd1 {[%clk 0:01:03]}  Nd8 {[%clk 0:01:27]} 24. Qb3 {[%clk 0:00:57]}  c5 {[%clk 0:01:12]} 25. Nb5 {[%clk 0:00:55]}  Qb8 {[%clk 0:01:03]} 26. Rxd8 {[%clk 0:00:41]}  Rxd8 {[%clk 0:00:44]} 27. Nc6 {[%clk 0:00:41]}  Qb7 {[%clk 0:00:23]} 28. Nxd8 {[%clk 0:00:41]}  Qd7 {[%clk 0:00:23]} 29. Nc6 {[%clk 0:00:42]}  h4 {[%clk 0:00:08]} 30. Ne5 {[%clk 0:00:35]}  Qe6 {[%clk 0:00:09]} 31. g4 {[%clk 0:00:31]}  Ne8 {[%clk 0:00:07]} 32. Qe3 {[%clk 0:00:27]}  Nd6 {[%clk 0:00:06]} 33. Nxd6 {[%clk 0:00:24]}  Qxd6 {[%clk 0:00:07]} 34. Bd5 {[%clk 0:00:21]}  Be6 {[%clk 0:00:07]} 35. Nxg6 {[%clk 0:00:17]}  Bd4 {[%clk 0:00:03]} 36. Qe4 {[%clk 0:00:13]}  Bxd5 {[%clk 0:00:01]} 37. Ne7+ {[%clk 0:00:14]}  Kf8 {[%clk 0:00:01]} 38. Nxd5 {[%clk 0:00:14]}  Qe6 {[%clk 0:00:01]} 39. Qxe6 {[%clk 0:00:14]}  fxe6 {[%clk 0:00:02]} 40. Bxd4 {[%clk 0:00:15]}  exd5 {[%clk 0:00:02]} 41. Be5 {[%clk 0:00:15]}  dxc4 {[%clk 0:00:03]} 42. Bc7 {[%clk 0:00:15]}  b5 {[%clk 0:00:03]} 43. Bxa5 {[%clk 0:00:16]}  Ke7 {[%clk 0:00:04]} 44. f5 {[%clk 0:00:15]}  Kd6 {[%clk 0:00:04]} 45. f6 {[%clk 0:00:14]}  Ke6 {[%clk 0:00:04]} 46. g5 {[%clk 0:00:15]}  b4 {[%clk 0:00:05]} 47. Kf2 {[%clk 0:00:14]}  c3 {[%clk 0:00:03]} 48. bxc3 {[%clk 0:00:14]}  bxc3 {[%clk 0:00:03]} 49. Bxc3 {[%clk 0:00:15]}  Kf7 {[%clk 0:00:04]} 50. Kf3 {[%clk 0:00:15]}  Kg6 {[%clk 0:00:05]} 51. Kg4 {[%clk 0:00:16]}  c4 {[%clk 0:00:06]} 52. Kxh4 {[%clk 0:00:16]}  Kh7 {[%clk 0:00:07]} 53. f7 {[%clk 0:00:14]}  Kg6 {[%clk 0:00:07]} 54. f8=Q {[%clk 0:00:14]}  Kh7 {[%clk 0:00:08]} 55. Qg7# {[%clk 0:00:15]} 1-0